00221nam a2200097Ia 4500008004100000041000800041082000800049100002200057245003500079260000900114230511s1967 xx 000 0 und d aeng a340 aSwami Chinnanand  aDiscourses on Katho Panishad  c1967